00623 2200241 4500001002100000008004100021035001900062245011000081100001600191110001600207250000500223260003500228300002600263020001900289022001800308024000500326084001300331520000500344082000700349650000500356863000500361990001500366INLIS000000000000008 Ind $a 0010-1222000007$a DAUN YANG JATUH TAK PERNAH MEMBENCI ANGIN : $b DAUN YANG JATUH TAK PERNAH MEMBENCI ANGIN / $c WIRDA MANSUR$a WIRDA MANSUR$a WIRDA MANSUR$a I$a Jakarta $b GAGAS MEDIA $c 2016 $a 68 hlm. ; $c 17x25 cm.$a 978-222-666-444$a 856-225-456-78$a -$a 800 WIR d$a -$a 800$a -$a 1$a 1477/p/2018